Contemporary Interpersonal Theory and Research: Personality, Psychopathology, and Psychotherapy (Record no. 1839)

MARC details
005 - DATE AND TIME OF LATEST TRANSACTION
control field 20250430134339.0
020 ## - INTERNATIONAL STANDARD BOOK NUMBER
International Standard Book Number 0-471-14847-4
082 ## - DEWEY DECIMAL CLASSIFICATION NUMBER
Classification number LECT 155.2 KIE
100 ## - MAIN ENTRY--PERSONAL NAME
Author name KIESLER, D. J.
245 ## - TITLE STATEMENT
Title Contemporary Interpersonal Theory and Research: Personality, Psychopathology, and Psychotherapy
260 ## - PUBLICATION, DISTRIBUTION, ETC.
Place of publication, distribution, etc. New York,
Name of publisher, distributor, etc. John Wiley & Sons, Inc,
Date of publication, distribution, etc. 1996.
300 ## - PHYSICAL DESCRIPTION
Extent xviii,398p,: ill.; figure and table.
Other physical details Index and reference.
Dimensions 25cm.
942 ## - ADDED ENTRY ELEMENTS (KOHA)
Source of classification or shelving scheme Dewey Decimal Classification
Koha item type Books
Holdings
Date last seen Total checkouts Full call number Barcode Cost, replacement price Price effective from Koha item type Lost status Source of classification or shelving scheme Damaged status Not for loan Withdrawn status Home library Current library Shelving location Date acquired Cost, normal purchase price
04/30/2025   LECT 155.2 KIE 0000007179 60000.00 04/30/2025 Books   Dewey Decimal Classification       College of Business Education Main Library College of Business Education Main Library General Collection 09/06/2000 20000.00
04/30/2025   LECT 155.2 KIE 0000007180 60000.00 04/30/2025 Books   Dewey Decimal Classification       College of Business Education Main Library College of Business Education Main Library General Collection 09/06/2000 20000.00